| 000 | 00379nam a22001577a 4500 | ||
|---|---|---|---|
| 999 |
_c532596 _d532596 |
||
| 003 | NUST | ||
| 005 | 20191126112352.0 | ||
| 008 | 191126b ||||| |||| 00| 0 eng d | ||
| 038 | _aMSOHAIL | ||
| 082 | _a0 | ||
| 100 |
_aP. Dillmann _926211 |
||
| 245 | _aCorrosion of Metallic Heritage | ||
| 260 |
_aEngland _bWoodhead Publishing _cc2007 |
||
| 300 | _ap;328 | ||
| 942 |
_2ddc _cBK |
||